[Event "Foment Martinenc op-C 21st"]
[Site "Barcelona"]
[Date "2019.06.22"]
[Round "9"]
[White "Francia, Christian"]
[Black "Blasco Pomarol, Carlos"]
[Result "0-1"]
[WhiteElo "1571"]
[BlackElo "1648"]
[PlyCount "35"]
[EventDate "2019.04.27"]
[EventType "swiss"]
[EventRounds "9"]
[EventCountry "ESP"]
[SourceTitle "EXT 2020"]
[Source "ChessBase"]
[SourceDate "2019.10.17"]
[SourceVersion "1"]
[SourceVersionDate "2019.10.17"]
[SourceQuality "1"]

1. e4 e5 2. Nf3 Nc6 3. Bc4 Bc5 4. b4 Bb6 5. d4 Bxd4 6. c3 Bb6 7. Qb3 Qe7 8. Ng5 Nh6 9. 0-0 0-0 10. Nf3 d6 11. Bxh6 gxh6 12. a4 a6 13. g3 Bh3 14. Re1 Qf6 15. Nbd2 Ne7 16. Bf1 Bg4 17. h3 Bxf3 18. Nxf3 0-1

[Event "Foment Martinenc op-C 21st"]
[Site "Barcelona"]
[Date "2019.05.25"]
[Round "5"]
[White "Blasco Pomarol, Carlos"]
[Black "Leon Brazao, Christian"]
[Result "0-1"]
[WhiteElo "1648"]
[BlackElo "1737"]
[PlyCount "126"]
[EventDate "2019.04.27"]
[EventType "swiss"]
[EventRounds "9"]
[EventCountry "ESP"]
[SourceTitle "EXT 2020"]
[Source "ChessBase"]
[SourceDate "2019.10.17"]
[SourceVersion "1"]
[SourceVersionDate "2019.10.17"]
[SourceQuality "1"]

1. e4 e6 2. d4 d5 3. exd5 exd5 4. Nf3 Bd6 5. Bd3 Nf6 6. 0-0 0-0 7. c4 c6 8. Qb3 Nbd7 9. Nc3 Nb6 10. c5 Bxh2+ 11. Kxh2 Qc7+ 12. Kg1 Nbd7 13. Re1 h5 14. Bg5 Re8 15. Ne2 Nh7 16. Nf4 Rxe1+ 17. Rxe1 Nxg5 18. Re8+ Nf8 19. Nxg5 g6 20. Nfh3 Qd7 21. Re3 Qd8 22. Qd1 Bxh3 23. Nxh3 Qf6 24. Bc2 Ne6 25. Qf3 Qg7 26. Nf4 Nxd4 27. Qd1 Qf6 28. Nh3 a5 29. Ng5 Nxc2 30. Qxc2 Qxg5 31. Rg3 Qh6 32. Qe2 Qf8 33. Qxh5 Qg7 34. Qe2 d4 35. Rd3 Rd8 36. Qe7 Qf8 37. Qxf8+ Kxf8 38. Kh2 Rd5 39. b3 Rxc5 40. Rxd4 Rd5 41. Ra4 b6 42. b4 Rd4 43. a3 axb4 44. Rxb4 Rxb4 45. axb4 Ke7 46. Kg3 Ke6 47. Kg4 f6 48. g3 c5 49. bxc5 bxc5 50. Kf4 Kd5 51. Ke3 g5 52. Kd3 f5 53. f3 g4 54. f4 c4+ 55. Kc3 Ke4 56. Kxc4 Kf3 57. Kd5 Kxg3 58. Ke5 Kf3 59. Kxf5 g3 60. Ke5 g2 61. f5 g1Q 62. f6 Qe1+ 63. Kd6 Qe8 0-1

[Event "Foment Martinenc op-C 21st"]
[Site "Barcelona"]
[Date "2019.05.04"]
[Round "2"]
[White "Planella Zavala, Irene"]
[Black "Blasco Pomarol, Carlos"]
[Result "1-0"]
[WhiteElo "1457"]
[BlackElo "1648"]
[PlyCount "97"]
[EventDate "2019.04.27"]
[EventType "swiss"]
[EventRounds "9"]
[EventCountry "ESP"]
[SourceTitle "EXT 2020"]
[Source "ChessBase"]
[SourceDate "2019.10.17"]
[SourceVersion "1"]
[SourceVersionDate "2019.10.17"]
[SourceQuality "1"]

1. e4 e5 2. Nf3 Nc6 3. Bc4 Bc5 4. 0-0 Nf6 5. Nc3 d6 6. h3 Be6 7. Bb3 0-0 8. d3 h6 9. Be3 Bb6 10. Qd2 Qd7 11. Bxh6 gxh6 12. Qxh6 Nh7 13. Ng5 Nxg5 14. Qxg5+ Kh7 15. Qh5+ Kg7 16. Nd5 f6 17. Ne3 Rh8 18. Bxe6 Qxe6 19. Nf5+ Kg8 20. Qg6+ Kf8 21. Qg7+ Ke8 22. Qxh8+ Kd7 23. Qxa8 Nd8 24. c3 Qg8 25. d4 exd4 26. Nxd4 Qg6 27. Nb5 Qxe4 28. Nxa7 Ne6 29. Qc8+ Ke7 30. Nb5 Nf4 31. Rae1 Ne2+ 32. Kh1 Bxf2 33. Qxc7+ Kf8 34. Qxd6+ Kg7 35. Qd7+ Kh6 36. Qd2+ Be3 37. Qxe2 Kh7 38. Qxe3 Qg6 39. Qe4 Qxe4 40. Rxe4 b6 41. Rxf6 Kg7 42. Rxb6 Kf7 43. a4 Kg7 44. a5 Kh7 45. a6 Kg7 46. a7 Kf7 47. a8Q Kg7 48. Qa7+ Kg8 49. Rb8# 1-0

[Event "Foment Martinenc op-C 20th"]
[Site "Barcelona"]
[Date "2018.05.12"]
[Round "4"]
[White "Blasco Pomarol, Carlos"]
[Black "Lloansi Vila, Josep Maria"]
[Result "0-1"]
[WhiteElo "1606"]
[BlackElo "1687"]
[PlyCount "80"]
[EventDate "2018.04.21"]
[EventType "swiss"]
[EventRounds "9"]
[EventCountry "ESP"]
[SourceTitle "CBM 184 Extra"]
[Source "ChessBase"]
[SourceDate "2018.06.28"]
[SourceVersion "1"]
[SourceVersionDate "2018.06.28"]
[SourceQuality "1"]

1. e4 e5 2. Nf3 Nc6 3. Bc4 h6 4. Nc3 Bc5 5. d3 d6 6. Be3 Bxe3 7. fxe3 Bg4 8. 0-0 Qe7 9. Nd5 Qd7 10. h3 Bh5 11. Nxe5 Nxe5 12. Qxh5 g6 13. Qh4 g5 14. Qg3 Nxc4 15. dxc4 0-0-0 16. b4 c6 17. Nf6 Nxf6 18. Rxf6 Qe7 19. Raf1 Rh7 20. a4 Qxe4 21. Rxf7 Rxf7 22. Rxf7 Qxc4 23. Qg4+ Qxg4 24. hxg4 Re8 25. Kf2 Re4 26. c3 Rxg4 27. Rf6 Kc7 28. Rxh6 Rc4 29. Rh5 Rxc3 30. Rxg5 Rc4 31. Ra5 Kb6 32. Kf3 Rxb4 33. Rf5 Rxa4 34. Rf4 Ra5 35. g4 Rg5 36. Rf5 Rg8 37. g5 c5 38. Ke4 Kc6 39. Rd5 b5 40. Kd3 Kxd5 0-1

[Event "Roncana op-C 9th"]
[Site "Santa Eulalia de Roncana"]
[Date "2015.11.14"]
[Round "6"]
[White "Fernandez Raya, Santi"]
[Black "Blasco Pomarol, Carlos"]
[Result "1-0"]
[WhiteElo "1450"]
[BlackElo "1714"]
[PlyCount "59"]
[EventDate "2015.10.03"]
[EventType "swiss"]
[EventRounds "8"]
[EventCountry "ESP"]
[SourceTitle "EXT 2017"]
[Source "ChessBase"]
[SourceDate "2016.10.25"]
[SourceVersion "1"]
[SourceVersionDate "2016.10.25"]
[SourceQuality "1"]

1. e4 e5 2. Nf3 Nc6 3. Bc4 Bc5 4. d3 Nf6 5. Bg5 0-0 6. 0-0 d6 7. h3 Be6 8. Bxe6 fxe6 9. Nc3 Qe7 10. Qe2 Qf7 11. Nb5 Rae8 12. Bxf6 Qxf6 13. Nxc7 Rc8 14. Nb5 Nd4 15. Nfxd4 Bxd4 16. c3 Bc5 17. b4 a6 18. Na3 Bb6 19. Nc4 Bc7 20. Qe3 Ra8 21. Nb6 Rab8 22. Nd7 d5 23. Nxf6+ Rxf6 24. Qc5 Bd8 25. Qd6 Rc8 26. Rfe1 dxe4 27. Rxe4 Rf7 28. Qxe6 Rxc3 29. Rxe5 Kh8 30. Qxf7 1-0

[Event "Roncana op-C 9th"]
[Site "Santa Eulalia de Roncana"]
[Date "2015.10.24"]
[Round "3"]
[White "Garcia Corominas, Erika"]
[Black "Blasco Pomarol, Carlos"]
[Result "0-1"]
[WhiteElo "1436"]
[BlackElo "1714"]
[PlyCount "82"]
[EventDate "2015.10.03"]
[EventType "swiss"]
[EventRounds "8"]
[EventCountry "ESP"]
[SourceTitle "EXT 2017"]
[Source "ChessBase"]
[SourceDate "2016.10.25"]
[SourceVersion "1"]
[SourceVersionDate "2016.10.25"]
[SourceQuality "1"]

1. e4 e5 2. Nf3 Nc6 3. Nc3 Nf6 4. Bb5 Bc5 5. 0-0 0-0 6. d3 a6 7. Ba4 d6 8. Bg5 h6 9. Bh4 Bg4 10. h3 Bh5 11. Qd2 Bxf3 12. gxf3 Qe7 13. a3 Qe6 14. b4 Bd4 15. Ne2 Bxa1 16. Rxa1 Qxh3 17. b5 axb5 18. Bxb5 Qxh4 19. Ng3 Nd4 20. Nf5 Qh5 21. Ne7+ Kh8 22. Qe3 Nxf3+ 23. Kf1 Qh3+ 24. Ke2 Ra5 25. Bc4 Nd4+ 26. Kd2 Qxe3+ 27. fxe3 Nf3+ 28. Ke2 b5 29. Bb3 b4 30. axb4 Rxa1 31. d4 exd4 32. exd4 Nxd4+ 33. Kd3 Nxb3 34. Ke3 Rd8 35. Kf4 d5 36. Kf5 dxe4 37. Ng6+ fxg6+ 38. Kxg6 e3 39. cxb3 e2 40. Kf7 e1Q 41. b5 Qe8# 0-1